[Event "Ricany op"]
[Site "Ricany"]
[Date "2010.08.21"]
[Round "1"]
[White "Sedy, Pavel"]
[Black "Sochorova, Jana"]
[Result "1-0"]
[WhiteElo "2156"]
[BlackElo "1919"]
[PlyCount "43"]
[EventDate "2010.08.21"]
[EventType "swiss"]
[EventRounds "9"]
[EventCountry "CZE"]
[SourceTitle "EXT 2022"]
[Source "ChessBase"]
[SourceDate "2021.10.06"]
[SourceVersion "1"]
[SourceVersionDate "2021.10.06"]
[SourceQuality "1"]

1. e4 c6 2. d4 d5 3. Nc3 dxe4 4. Nxe4 Bf5 5. Nc5 Qc7 6. Bd3 Bg6 7. Nf3 e6 8. Bxg6 hxg6 9. Qd3 Bxc5 10. dxc5 Nd7 11. Be3 0-0-0 12. Qa3 Kb8 13. 0-0-0 Ngf6 14. Rd4 Nd5 15. Ra4 a6 16. Bd2 Nxc5 17. Qxc5 Qb6 18. Qxb6 Nxb6 19. Rd4 Rxd4 20. Nxd4 Rd8 21. Ba5 Rxd4 22. Bxb6 1-0

[Event "Olomouc op"]
[Site "Olomouc"]
[Date "2010.08.12"]
[Round "9"]
[White "Sochorova, Jana"]
[Black "Pozin, Sergey"]
[Result "0-1"]
[WhiteElo "1919"]
[BlackElo "2414"]
[PlyCount "64"]
[EventDate "2010.08.04"]
[EventType "swiss"]
[EventRounds "9"]
[EventCountry "CZE"]
[SourceTitle "CBM 137 Extra"]
[Source "ChessBase"]
[SourceDate "2010.09.01"]
[SourceVersion "1"]
[SourceVersionDate "2010.09.01"]
[SourceQuality "1"]

1. e4 c5 2. Nf3 d6 3. d4 Nf6 4. Nc3 cxd4 5. Nxd4 Nc6 6. Bc4 Bd7 7. Bb3 g6 8. f3 Na5 9. Be3 Rc8 10. Qd3 Bg7 11. g4 a6 12. g5 Nh5 13. Nde2 Nxb3 14. axb3 Qc7 15. Bd4 e5 16. Be3 0-0 17. Rd1 Bh3 18. Nd5 Qxc2 19. Ne7+ Kh8 20. Nxc8 Qxc8 21. Rg1 Rd8 22. Bb6 Rd7 23. Rc1 Qe8 24. f4 Nxf4 25. Nxf4 exf4 26. Qxh3 Bxb2 27. Rc2 Qxe4+ 28. Re2 Qb4+ 29. Kf1 Qb5 30. Rgg2 Be5 31. Rgf2 a5 32. Rxf4 Bxf4 0-1

[Event "Olomouc op"]
[Site "Olomouc"]
[Date "2010.08.10"]
[Round "7"]
[White "Sochorova, Jana"]
[Black "Tomba, Ivan"]
[Result "1-0"]
[WhiteElo "1919"]
[BlackElo "2275"]
[PlyCount "65"]
[EventDate "2010.08.04"]
[EventType "swiss"]
[EventRounds "9"]
[EventCountry "CZE"]
[SourceTitle "CBM 137 Extra"]
[Source "ChessBase"]
[SourceDate "2010.09.01"]
[SourceVersion "1"]
[SourceVersionDate "2010.09.01"]
[SourceQuality "1"]

1. e4 c5 2. Nf3 d6 3. d4 cxd4 4. Nxd4 e6 5. Nc3 a6 6. Be3 b5 7. g4 Bb7 8. Bg2 Nd7 9. a3 Rc8 10. g5 Ne5 11. 0-0 Nc4 12. Bc1 Ne7 13. Qg4 g6 14. Nde2 Bg7 15. b3 Nb6 16. Bb2 0-0 17. Rad1 Qc7 18. Rd3 Qc5 19. Rh3 Nd7 20. Qh4 f6 21. Nf4 Kf7 22. Qxh7 Rh8 23. Qxg7+ Kxg7 24. Nxe6+ Kf7 25. Nxc5 dxc5 26. gxf6 Nxf6 27. Rxh8 Rxh8 28. Nd5 Nexd5 29. exd5 c4 30. bxc4 bxc4 31. d6 Bxg2 32. Kxg2 Rd8 33. Bxf6 1-0

[Event "Olomouc op"]
[Site "Olomouc"]
[Date "2010.08.09"]
[Round "6"]
[White "Krapivin, Vladislav"]
[Black "Sochorova, Jana"]
[Result "0-1"]
[WhiteElo "2362"]
[BlackElo "1919"]
[PlyCount "98"]
[EventDate "2010.08.04"]
[EventType "swiss"]
[EventRounds "9"]
[EventCountry "CZE"]
[SourceTitle "CBM 137 Extra"]
[Source "ChessBase"]
[SourceDate "2010.09.01"]
[SourceVersion "1"]
[SourceVersionDate "2010.09.01"]
[SourceQuality "1"]

1. e4 e6 2. d4 d5 3. exd5 exd5 4. Bd3 Nc6 5. c3 Bd6 6. Qf3 Be6 7. Ne2 Qd7 8. h3 0-0-0 9. a4 h5 10. Na3 Bg4 11. Qxd5 Nb4 12. Qb5 Nxd3+ 13. Qxd3 Bxe2 14. Qxe2 Re8 15. Be3 f5 16. Nb5 f4 17. Nxa7+ Kb8 18. Nb5 fxe3 19. fxe3 Nf6 20. Nxd6 Qxd6 21. 0-0 Ne4 22. Rf7 g5 23. a5 Qe6 24. Rg7 Ng3 25. Qf3 Qxe3+ 26. Qxe3 Rxe3 27. Rxg5 h4 28. Rg4 Re2 29. Rf4 Rxb2 30. Rf2 Rb3 31. Rf3 Re8 32. c4 Rxf3 33. gxf3 Ne2+ 34. Kf2 Nxd4 35. Rg1 Nf5 36. Rg5 Rf8 37. f4 Nd6 38. Kf3 Nxc4 39. Rc5 Nd6 40. Kg4 Ne4 41. Re5 Nf2+ 42. Kxh4 Rxf4+ 43. Kg3 Nxh3 44. Kxh3 Ka7 45. Kg3 Rf6 46. Rc5 c6 47. Kg4 Ka6 48. Kg3 Rf1 49. Kg2 Ra1 0-1

[Event "Ricany op"]
[Site "Ricany"]
[Date "2009.08.28"]
[Round "8"]
[White "Sochorova, Jana"]
[Black "Skokan, Frantisek"]
[Result "1-0"]
[WhiteElo "1903"]
[BlackElo "1854"]
[PlyCount "67"]
[EventDate "2009.08.22"]
[EventType "swiss"]
[EventRounds "9"]
[EventCountry "CZE"]
[SourceTitle "CBM 131 Extra"]
[Source "ChessBase"]
[SourceDate "2009.09.03"]
[SourceVersion "2"]
[SourceVersionDate "2009.09.16"]
[SourceQuality "1"]

1. Nf3 Nf6 2. g3 b6 3. Bg2 Bb7 4. 0-0 e6 5. d3 d5 6. Re1 Be7 7. Nbd2 0-0 8. Ne5 Nfd7 9. f4 Nxe5 10. fxe5 c5 11. e4 Nd7 12. exd5 Bxd5 13. Nf3 Qc7 14. Qe2 Rac8 15. Bf4 Qb7 16. Rf1 b5 17. Kh1 Nb6 18. Bd2 h6 19. Bf4 a5 20. Qd2 a4 21. c3 Kh7 22. Rad1 Qc7 23. a3 Bxf3 24. Bxf3 g5 25. Be3 Qxe5 26. d4 cxd4 27. Bxd4 Qd6 28. Qd3+ f5 29. Qxb5 Nd5 30. c4 Nc7 31. Qxa4 e5 32. Bc3 Qe6 33. Qd7 Qf7 34. Bxe5 1-0

[Event "Ricany op"]
[Site "Ricany"]
[Date "2009.08.25"]
[Round "5"]
[White "Sochorova, Jana"]
[Black "Vevera, Radek"]
[Result "1/2-1/2"]
[WhiteElo "1903"]
[BlackElo "2092"]
[PlyCount "48"]
[EventDate "2009.08.22"]
[EventType "swiss"]
[EventRounds "9"]
[EventCountry "CZE"]
[SourceTitle "CBM 131 Extra"]
[Source "ChessBase"]
[SourceDate "2009.09.03"]
[SourceVersion "2"]
[SourceVersionDate "2009.09.16"]
[SourceQuality "1"]

1. Nf3 Nf6 2. c4 g6 3. d4 Bg7 4. Nc3 d6 5. g3 0-0 6. Bg2 Nbd7 7. 0-0 c6 8. e4 e5 9. h3 Qe7 10. Be3 Re8 11. Re1 Nh5 12. Qe2 Qf8 13. Rad1 exd4 14. Bxd4 Ne5 15. Bxe5 dxe5 16. b3 Qb4 17. Rd3 h6 18. Red1 Be6 19. Qe3 Qa5 20. Qd2 Bf8 21. Na4 Qc7 22. Qc3 Rad8 23. Rxd8 Rxd8 24. Rxd8 Qxd8 1/2-1/2

[Event "Ricany op"]
[Site "Ricany"]
[Date "2009.08.24"]
[Round "4"]
[White "Sochorova, Jana"]
[Black "Framberk, Jan"]
[Result "1/2-1/2"]
[WhiteElo "1903"]
[BlackElo "2025"]
[PlyCount "80"]
[EventDate "2009.08.22"]
[EventType "swiss"]
[EventRounds "9"]
[EventCountry "CZE"]
[SourceTitle "CBM 131 Extra"]
[Source "ChessBase"]
[SourceDate "2009.09.03"]
[SourceVersion "2"]
[SourceVersionDate "2009.09.16"]
[SourceQuality "1"]

1. Nf3 d6 2. d4 Nf6 3. g3 g6 4. Bg2 Bg7 5. 0-0 0-0 6. c4 c6 7. Nc3 Bg4 8. e4 Nbd7 9. h3 Bxf3 10. Bxf3 e5 11. Be3 exd4 12. Bxd4 Ne5 13. Bxe5 dxe5 14. Qxd8 Raxd8 15. Rad1 Rd4 16. Rxd4 exd4 17. Ne2 Nd7 18. Rd1 c5 19. b3 Bh6 20. Nc1 Ne5 21. Kg2 Bxc1 22. Rxc1 a5 23. Rd1 b6 24. Be2 Rd8 25. f4 Nc6 26. Bf3 Kg7 27. e5 Ne7 28. Be4 Nf5 29. Bxf5 gxf5 30. Kf3 a4 31. g4 axb3 32. axb3 fxg4+ 33. hxg4 Ra8 34. f5 Ra2 35. Rd3 Rc2 36. Kf4 Rc1 37. Ke4 Re1+ 38. Kf4 h6 39. Rh3 Re2 40. Rd3 Re1 1/2-1/2

[Event "Ricany op"]
[Site "Ricany"]
[Date "2009.08.22"]
[Round "1"]
[White "Fojtu, Jan"]
[Black "Sochorova, Jana"]
[Result "1-0"]
[WhiteElo "2093"]
[BlackElo "1903"]
[PlyCount "65"]
[EventDate "2009.08.22"]
[EventType "swiss"]
[EventRounds "9"]
[EventCountry "CZE"]
[SourceTitle "CBM 131 Extra"]
[Source "ChessBase"]
[SourceDate "2009.09.03"]
[SourceVersion "2"]
[SourceVersionDate "2009.09.16"]
[SourceQuality "1"]

1. e4 c6 2. d4 d5 3. Nc3 dxe4 4. Nxe4 Bf5 5. Ng3 Bg6 6. Nf3 Nd7 7. h4 h6 8. Be2 e6 9. Bf4 Ngf6 10. Bd3 Bxd3 11. Qxd3 Nd5 12. Bd2 Bd6 13. Ne4 Be7 14. c4 N5f6 15. Nc3 Qc7 16. 0-0-0 0-0 17. Rdg1 e5 18. Re1 Rad8 19. Nd1 e4 20. Qc3 exf3 21. Rxe7 fxg2 22. Rg1 Qh2 23. Ree1 Rfe8 24. Ne3 Ne4 25. Qc2 Ndf6 26. Rxg2 Qxh4 27. Rxg7+ Kf8 28. Bb4+ c5 29. dxc5 Qxf2 30. Rg2 Qf3 31. c6+ Nd6 32. Rf2 Qg3 33. c7 1-0

[Event "EU-chT U18 Girls 9th"]
[Site "Pardubice"]
[Date "2009.07.22"]
[Round "7"]
[White "Turkova, Karolina"]
[Black "Sochorova, Jana"]
[Result "1/2-1/2"]
[WhiteElo "1787"]
[BlackElo "1903"]
[PlyCount "106"]
[EventDate "2009.07.16"]
[EventType "team-swiss"]
[EventRounds "7"]
[EventCountry "CZE"]
[SourceTitle "EXT 2020"]
[Source "ChessBase"]
[SourceDate "2019.10.17"]
[SourceVersion "1"]
[SourceVersionDate "2019.10.17"]
[SourceQuality "1"]
[WhiteTeam "Slovakia U18 (W) II"]
[BlackTeam "Ricany Biomedica U18 (W)"]
[WhiteTeamCountry "SVK"]
[BlackTeamCountry "CZE"]

1. e4 c6 2. d4 d5 3. Nc3 dxe4 4. Nxe4 Bf5 5. Ng3 Bg6 6. h4 h6 7. Nf3 Nf6 8. Ne5 Bh7 9. Bc4 e6 10. Qe2 Nd5 11. Qf3 Qc7 12. Bd2 Bd6 13. 0-0-0 Bxe5 14. dxe5 Nd7 15. Nh5 Rg8 16. Rhe1 Nxe5 17. Qg3 Nxc4 18. Nxg7+ Ke7 19. Qxc7+ Nxc7 20. Bb4+ Kf6 21. Nh5+ Kf5 22. Rd7 Nd5 23. Rxb7 Nxb4 24. Rxb4 Nb6 25. Rf4+ Kg6 26. Re5 f5 27. g4 Rge8 28. Ng3 Nd5 29. gxf5+ exf5 30. Rfxf5 Rxe5 31. Rxe5 Kf7 32. c4 Nb4 33. Rh5 Kg7 34. a3 Nd3+ 35. Kd2 Rd8 36. Kc3 Nxf2 37. Nf5+ Bxf5 38. Rxf5 Ne4+ 39. Kb4 Rb8+ 40. Ka5 Rxb2 41. Ka6 Ra2 42. Kxa7 Rxa3+ 43. Kb6 Rc3 44. Kxc6 Rxc4+ 45. Kd5 Ra4 46. Ke5 Nf6 47. Rf1 Rxh4 48. Rxf6 Ra4 49. Rf4 Ra5+ 50. Ke4 h5 51. Rf5 Ra4+ 52. Kf3 Kg6 53. Rb5 h4 1/2-1/2

[Event "Sec op-A"]
[Site "Sec u Chrudimi"]
[Date "2007.10.27"]
[Round "9"]
[White "Sochorova, Jana"]
[Black "Hajek, Jaroslav"]
[Result "1/2-1/2"]
[WhiteElo "1885"]
[BlackElo "1976"]
[PlyCount "36"]
[EventDate "2007.10.20"]
[EventType "swiss"]
[EventRounds "9"]
[EventCountry "CZE"]
[SourceTitle "EXT 2022"]
[Source "ChessBase"]
[SourceDate "2021.10.06"]
[SourceVersion "1"]
[SourceVersionDate "2021.10.06"]
[SourceQuality "1"]

1. Nf3 Nf6 2. c4 e6 3. Nc3 d5 4. d4 c6 5. e3 Be7 6. Bd3 0-0 7. 0-0 dxc4 8. Bxc4 b5 9. Bd3 Bb7 10. b3 a6 11. Ne4 Nbd7 12. Qc2 Nxe4 13. Bxe4 Nf6 14. Bb2 Qb6 15. Bd3 Rac8 16. Rac1 c5 17. dxc5 Rxc5 18. Qe2 Rxc1 1/2-1/2

[Event "Zdar nad Sazavou Vysocina op-A 4th"]
[Site "Zdar nad Sazavou"]
[Date "2007.09.27"]
[Round "6"]
[White "Siebenburger, Vlastimil"]
[Black "Sochorova, Jana"]
[Result "1-0"]
[WhiteElo "2149"]
[BlackElo "1882"]
[PlyCount "73"]
[EventDate "2007.09.22"]
[EventType "swiss"]
[EventRounds "9"]
[EventCountry "CZE"]
[SourceTitle "CBM 120 Extra"]
[Source "ChessBase"]
[SourceDate "2007.11.01"]
[SourceVersion "1"]
[SourceVersionDate "2007.11.01"]
[SourceQuality "1"]

1. e4 c6 2. d4 d5 3. exd5 cxd5 4. c4 Nf6 5. Nc3 e6 6. Nf3 Nc6 7. Bd3 dxc4 8. Bxc4 Bb4 9. 0-0 0-0 10. a3 Ba5 11. Bg5 a6 12. Qd3 b5 13. Ba2 Bb7 14. Ne4 Nxd4 15. Nxf6+ gxf6 16. Nxd4 fxg5 17. Bb1 f5 18. Nxe6 Qxd3 19. Bxd3 Rf6 20. Nxg5 Rg6 21. f4 Rf8 22. h3 Bd2 23. g4 h6 24. Bxf5 Rxf5 25. gxf5 Rg7 26. f6 Rg6 27. f7+ Kg7 28. Rad1 Be3+ 29. Kh2 hxg5 30. fxg5 Bc5 31. f8Q+ Bxf8 32. Rd7+ Kg8 33. Rd8 Bd5 34. Rdxf8+ Kg7 35. h4 Rc6 36. R8f6 Rc2+ 37. R1f2 1-0

[Event "Zdar nad Sazavou Vysocina op-A 4th"]
[Site "Zdar nad Sazavou"]
[Date "2007.09.23"]
[Round "2"]
[White "Sochorova, Jana"]
[Black "Vasut, Karel"]
[Result "1/2-1/2"]
[WhiteElo "1882"]
[BlackElo "2193"]
[PlyCount "92"]
[EventDate "2007.09.22"]
[EventType "swiss"]
[EventRounds "9"]
[EventCountry "CZE"]
[SourceTitle "CBM 120 Extra"]
[Source "ChessBase"]
[SourceDate "2007.11.01"]
[SourceVersion "1"]
[SourceVersionDate "2007.11.01"]
[SourceQuality "1"]

1. Nf3 f5 2. b3 Nf6 3. Bb2 e6 4. c4 Be7 5. g3 0-0 6. Bg2 c6 7. 0-0 d6 8. d4 d5 9. Nbd2 Qe8 10. Ne5 Nbd7 11. Ndf3 Qh5 12. e3 g5 13. Nxd7 Nxd7 14. Rc1 f4 15. exf4 gxf4 16. Re1 fxg3 17. hxg3 dxc4 18. bxc4 Nb6 19. Ne5 Qxd1 20. Rexd1 a5 21. Bh3 Bf6 22. Re1 Bg7 23. f4 a4 24. Re3 Ra5 25. Nf3 Re8 26. Ng5 a3 27. Ba1 c5 28. Bxe6+ Kh8 29. Nf7+ Kg8 30. Ng5+ Kh8 31. Ree1 Bxd4+ 32. Bxd4+ cxd4 33. c5 Na4 34. Bb3 Re3 35. Rxe3 dxe3 36. Bxa4 Rxa4 37. Rc3 h6 38. Rxe3 hxg5 39. Re8+ Kg7 40. Rxc8 gxf4 41. gxf4 Rb4 42. Re8 Kf6 43. Re3 Rb1+ 44. Kf2 Rb2+ 45. Re2 Kf5 46. Kf3 Kf6 1/2-1/2

[Event "Ricany op-A"]
[Site "Ricany"]
[Date "2007.09.01"]
[Round "9"]
[White "Rutter, Lidmila"]
[Black "Sochorova, Jana"]
[Result "0-1"]
[WhiteElo "1687"]
[BlackElo "1882"]
[PlyCount "53"]
[EventDate "2007.08.25"]
[EventType "swiss"]
[EventRounds "9"]
[EventCountry "CZE"]
[SourceTitle "EXT 2008"]
[Source "ChessBase"]
[SourceDate "2007.11.25"]
[SourceVersion "1"]
[SourceVersionDate "2007.11.25"]
[SourceQuality "1"]

1. e4 c6 2. d4 d5 3. exd5 cxd5 4. Bd3 Nf6 5. c3 Nc6 6. Bf4 Bg4 7. Qb3 Qd7 8. Nd2 e6 9. Ngf3 Be7 10. 0-0 0-0 11. Ne5 Qe8 12. Ndf3 Bh5 13. Rae1 a6 14. Ng5 Bd6 15. Qc2 g6 16. Nxg6 Bxg6 17. Bxd6 Rd8 18. Bxg6 hxg6 19. Be5 Ng4 20. Qe2 Ngxe5 21. dxe5 Kh8 22. Qf3 Qe7 23. Qg4 Kg7 24. f4 Qd7 25. Rd1 Ne7 26. Rd3 Rh8 27. Rff3 0-1

[Event "Ricany op-A"]
[Site "Ricany"]
[Date "2007.08.26"]
[Round "2"]
[White "Sochorova, Jana"]
[Black "Sirota, Sergej"]
[Result "1/2-1/2"]
[WhiteElo "1882"]
[BlackElo "2009"]
[PlyCount "78"]
[EventDate "2007.08.25"]
[EventType "swiss"]
[EventRounds "9"]
[EventCountry "CZE"]
[SourceTitle "EXT 2008"]
[Source "ChessBase"]
[SourceDate "2007.11.25"]
[SourceVersion "1"]
[SourceVersionDate "2007.11.25"]
[SourceQuality "1"]

1. Nf3 d5 2. b3 Bf5 3. Bb2 e6 4. e3 Nf6 5. c4 c6 6. Be2 Nbd7 7. 0-0 h6 8. d4 Bd6 9. Nc3 0-0 10. Rc1 Rc8 11. h3 Qe7 12. Bd3 Bxd3 13. Qxd3 Rfd8 14. e4 dxe4 15. Nxe4 Nxe4 16. Qxe4 Nf6 17. Qe3 Ba3 18. Bxa3 Qxa3 19. Rfd1 Rd6 20. Rc2 Rcd8 21. Rcd2 Nd7 22. Kh2 Qa5 23. Qf4 Nf6 24. Qe3 Qb4 25. Rd3 Qa5 26. R3d2 Qh5 27. Kg1 Qa5 28. Kh2 b5 29. Ne5 Qc7 30. Kg1 Nd7 31. Qf4 Nxe5 32. Qxe5 R6d7 33. Qxc7 Rxc7 34. Kf1 Rcd7 35. Ke2 f6 36. f4 Kf7 37. Ke3 f5 38. Rd3 Kf6 39. g3 Rd6 1/2-1/2

[Event "CZE-ch U16 Girls"]
[Site "Sec u Chrudimi"]
[Date "2007.03.13"]
[Round "5"]
[White "Sochorova, Jana"]
[Black "Cuprova, Iva"]
[Result "1-0"]
[WhiteElo "1945"]
[BlackElo "1801"]
[PlyCount "75"]
[EventDate "2007.03.10"]
[EventType "swiss"]
[EventRounds "9"]
[EventCountry "CZE"]
[SourceTitle "EXT 2008"]
[Source "ChessBase"]
[SourceDate "2007.11.25"]
[SourceVersion "1"]
[SourceVersionDate "2007.11.25"]
[SourceQuality "1"]

1. Nf3 d5 2. b3 Nc6 3. Bb2 Nf6 4. e3 Bg4 5. Bb5 e6 6. d3 Bd6 7. Nbd2 a6 8. Bxc6+ bxc6 9. Qc1 c5 10. Ne5 Bh5 11. f4 Nd7 12. Ndf3 f6 13. Nxd7 Qxd7 14. 0-0 0-0 15. h3 Rae8 16. g4 Bf7 17. e4 d4 18. Qd2 e5 19. f5 h6 20. h4 g5 21. hxg5 hxg5 22. Nxg5 fxg5 23. Qxg5+ Bg6 24. Qxg6+ Qg7 25. Qxg7+ Kxg7 26. Kg2 Rh8 27. Rh1 Reg8 28. Rxh8 Rxh8 29. Rh1 Rxh1 30. Kxh1 Kf6 31. Kg2 Bf8 32. Bc1 Bg7 33. g5+ Kf7 34. Kg3 Bf8 35. Kh4 Kg7 36. Kh5 Kh7 37. g6+ Kg7 38. Bh6+ 1-0

[Event "Ricany op-A"]
[Site "Ricany"]
[Date "2006.09.01"]
[Round "9"]
[White "Skala, Jaromir"]
[Black "Sochorova, Jana"]
[Result "1/2-1/2"]
[WhiteElo "2079"]
[BlackElo "1761"]
[PlyCount "22"]
[EventDate "2006.08.24"]
[EventType "swiss"]
[EventRounds "9"]
[EventCountry "CZE"]
[SourceTitle "EXT 2007"]
[Source "ChessBase"]
[SourceDate "2006.11.23"]
[SourceVersion "1"]
[SourceVersionDate "2006.11.23"]
[SourceQuality "1"]

1. e4 d5 2. exd5 Qxd5 3. Nc3 Qa5 4. Nf3 Nf6 5. d3 Bf5 6. Bd2 c6 7. Ne4 Qc7 8. Nxf6+ exf6 9. Be2 Bd6 10. 0-0 0-0 11. h3 Nd7 1/2-1/2

[Event "CZE-ch U16 Girls"]
[Site "Zlate Hory"]
[Date "2006.03.12"]
[Round "2"]
[White "Nemcova, Katerina"]
[Black "Sochorova, Jana"]
[Result "1-0"]
[WhiteElo "2135"]
[BlackElo "1776"]
[PlyCount "109"]
[EventDate "2006.03.11"]
[EventType "swiss"]
[EventRounds "9"]
[EventCountry "CZE"]
[SourceTitle "EXT 2008"]
[Source "ChessBase"]
[SourceDate "2007.11.25"]
[SourceVersion "1"]
[SourceVersionDate "2007.11.25"]
[SourceQuality "1"]

1. e4 c6 2. d4 d5 3. Nd2 dxe4 4. Nxe4 Bf5 5. Ng3 Bg6 6. Nf3 Nd7 7. h4 h6 8. h5 Bh7 9. Bd3 Bxd3 10. Qxd3 Ngf6 11. Bd2 e6 12. 0-0-0 Bd6 13. Ne4 Nxe4 14. Qxe4 Nf6 15. Qe2 Qc7 16. g3 0-0-0 17. c4 Rhe8 18. c5 Bf8 19. Bf4 Qa5 20. Rd3 Nd5 21. Ra3 Nxf4 22. gxf4 Qc7 23. Rxa7 Qxf4+ 24. Kb1 Kb8 25. Ra3 Kc7 26. Ka1 Ra8 27. Rxa8 Rxa8 28. Qe5+ Qxe5 29. Nxe5 f6 30. Ng6 Rd8 31. b4 b5 32. Re1 Kd7 33. Kb2 Re8 34. Kb3 Be7 35. a4 bxa4+ 36. Kxa4 Bd8 37. Kb3 Bc7 38. Kc4 Ra8 39. Re2 Rb8 40. Ra2 Kc8 41. Nf8 e5 42. Ne6 exd4 43. Nxc7 Kxc7 44. Ra7+ Rb7 45. Rxb7+ Kxb7 46. Kxd4 Ka6 47. Kc4 Kb7 48. b5 cxb5+ 49. Kxb5 f5 50. c6+ Kc7 51. Kc5 f4 52. f3 Kc8 53. Kd6 Kd8 54. c7+ Kc8 55. Kc6 1-0

[Event "CZE Juniorcentrum op-A"]
[Site "Sec u Chrudimi"]
[Date "2005.10.29"]
[Round "9"]
[White "Sochorova, Jana"]
[Black "Vojir, Vaclav"]
[Result "0-1"]
[WhiteElo "1782"]
[BlackElo "1889"]
[PlyCount "56"]
[EventDate "2005.10.22"]
[EventType "swiss"]
[EventRounds "9"]
[EventCountry "CZE"]
[SourceTitle "EXT 2008"]
[Source "ChessBase"]
[SourceDate "2007.11.25"]
[SourceVersion "1"]
[SourceVersionDate "2007.11.25"]
[SourceQuality "1"]

1. Nf3 c6 2. b3 d5 3. Bb2 Nf6 4. e3 Bf5 5. Be2 h6 6. 0-0 Nbd7 7. Ne5 Nxe5 8. Bxe5 e6 9. f4 Bd6 10. Bb2 0-0 11. d3 Bc5 12. Qd2 Qb6 13. Bc1 Bg4 14. h3 Bxe2 15. Qxe2 Rfe8 16. Rf3 g6 17. g4 Rad8 18. Kh1 d4 19. e4 h5 20. Qg2 hxg4 21. hxg4 Kg7 22. f5 Rh8+ 23. Kg1 Nxe4 24. dxe4 d3+ 25. Kf1 dxc2 26. f6+ Kg8 27. Nc3 Rd1+ 28. Ke2 Qa6+ 0-1